000
00296nam a22001337a 4500
008
171013b xxu||||| |||| 00| 0 eng d
020
_a
2800415924841
041
_a
eng
080
_a
316
100
_a
51
101
_a
SOC
245
_a
BLACK FENINIST THOUGHT
_c
COLLINS.P.H
942
_2
udc
_c
BK
999
_c
33637
_d
33637